000 00488nam a2200169Ia 4500
999 _c13690
_d13690
003 OSt
005 20201117152657.0
008 190216s9999||||xx |||||||||||||| ||und||
040 _coclc
082 _a428.1
_bSCH/M
100 _aSchur, Norman W
_96670
245 0 _a1000 Most Challenging Words /
_cNorman W Schur
260 _bNew Heights,
_c1991.
_aNew Delhi;
300 _a322p
650 _aEnglish Literature
942 _cBK
_2ddc
_h428.1
_iSCH/M
_k428.1
_mSCH/M